Central Library OPAC University of Rajshahi

The psychologist in the schools / (Record no. 48653)

MARC details
000 -LEADER
fixed length control field 00714nam a2200241 a 4500
001 - CONTROL NUMBER
control field 48653
003 - CONTROL NUMBER IDENTIFIER
rucl marc code BD-RjUL
005 - DATE AND TIME OF LATEST TRANSACTION
control field 20211209054548.0
008 - FIXED-LENGTH DATA ELEMENTS--GENERAL INFORMATION
fixed length control field 160814s1963 nyu b 000 0 eng
035 ## - SYSTEM CONTROL NUMBER
System control number (BD-RjUL)48772
System control number (OCoLC)187575
040 ## - CATALOGING SOURCE
Original cataloging agency DLC
Transcribing agency ODaWU
Modifying agency OCoLC
-- Uk
-- DLC
-- BD-RjUL
Language of cataloging eng
041 ## - LANGUAGE CODE
Language code of text/sound track or separate title eng
082 ## - DEWEY DECIMAL CLASSIFICATION NUMBER
Classification number 371.2
Author mark and year GRP 1963
100 1# - MAIN ENTRY--PERSONAL NAME
Personal name Gray, Susan W.
Fuller form of name (Susan Walton),
Dates associated with a name 1913-1992.
9 (RLIN) 146902
245 14 - TITLE STATEMENT
Title The psychologist in the schools /
Statement of responsibility, etc. Susan W. Gray
260 ## - PUBLICATION, DISTRIBUTION, ETC. (IMPRINT)
Place of publication, distribution, etc. New York :
Name of publisher, distributor, etc. Holt, Rinehart and Winston
Date of publication, distribution, etc. 1963.
300 ## - PHYSICAL DESCRIPTION
Pagination 406 p.;
Size 22 cm.
504 ## - BIBLIOGRAPHY, ETC. NOTE
Bibliography, etc Includes bibliographies.
650 #0 - SUBJECT ADDED ENTRY--TOPICAL TERM
Topical term or geographic name as entry element School psychologists.
9 (RLIN) 146903
942 ## - ADDED ENTRY ELEMENTS (KOHA)
Source of classification or shelving scheme Dewey Decimal Classification
Koha item type Books
Holdings
Lost status Source of classification or shelving scheme Damaged status Not for loan Collection code Permanent Location Current Location Shelving location Date acquired Source of acquisition Cost, normal purchase price Total Checkouts Full call number Date last seen Copy number Koha item type
  Dewey Decimal Classification     Non-fiction Central Library, University of Rajshahi Central Library, University of Rajshahi   28/12/1968 Zeitlinger 76.00   371.2 GRP 1963 14/08/2016 C-2 Books
  Dewey Decimal Classification     Non-fiction Central Library, University of Rajshahi Central Library, University of Rajshahi   28/12/1968 Zeitlinger 76.00   371.2 GRP 1963 14/08/2016 C-3 Books
  Dewey Decimal Classification     Non-fiction Central Library, University of Rajshahi Central Library, University of Rajshahi   28/12/1968 Zeitlinger 76.00   371.2 GRP 1963 14/08/2016 C-4 Books